000 01144nam a2200253Ia 4500
003 OSt
005 20220923212758.0
006 a|||||r|||| 00| 0
007 ta
008 220922b |||||||| |||| 00| 0 hin d
024 _a155,760
037 _cTextual
040 _aARTS
_cARTS
_bhin
041 _2hin
_ahin
082 _aO1520m35,1(Q223):g, K7
100 _aदक्षिणामूर्ति, एन0 एस0
245 0 _aहिन्दी और तेलुगू के कृष्ण काव्यांे का तुलनात्मक अध्ययन
_b सूरदास और पोतना के सन्दर्भ में
246 _aHindī aur telugū ke kṛuṣhṇa kāvyāane kā tulanātmak adhyayana: sūradās aur potanā ke sandarbha mean
260 _aलखनऊ
_b हिंदी साहित्य भंडार
_c1967
300 _a491पृ.
_ccm.
650 _aहिन्दी साहित्य
_9156264
942 _hO1520m35,1(Q223):g, K7
_cTEXL
_2CC
999 _c311228
_d311228